[Event "Niedersachsen-ch op-B"]
[Site "Verden"]
[Date "2016.01.04"]
[Round "4"]
[White "Stelljes, Fabian"]
[Black "Kindermann, Thorsten"]
[Result "0-1"]
[WhiteElo "1484"]
[BlackElo "1523"]
[PlyCount "68"]
[EventDate "2016.01.03"]
[EventType "swiss"]
[EventRounds "7"]
[EventCountry "GER"]
[SourceTitle "EXT 2018"]
[Source "ChessBase"]
[SourceDate "2017.10.13"]
[SourceVersion "1"]
[SourceVersionDate "2017.10.13"]
[SourceQuality "1"]

1. d4 Nf6 2. Nc3 e6 3. e4 Bb4 4. Bd3 0-0 5. Bg5 Be7 6. Qd2 Nc6 7. a3 Nxd4 8. e5 Nd5 9. Bxe7 Qxe7 10. Nxd5 exd5 11. Bxh7+ Kxh7 12. Qxd4 c6 13. 0-0-0 Qg5+ 14. Kb1 Qxg2 15. Qh4+ Kg8 16. Nh3 Qe4 17. Qh5 Qh7 18. Qf3 d6 19. Ng5 Qh6 20. Qg3 dxe5 21. h4 f6 22. Nf3 Qh5 23. Rdg1 Rf7 24. Rg2 Bf5 25. Rhg1 Be4 26. Nd2 Bxg2 27. Qxg2 Qh6 28. Nb3 b6 29. a4 Kf8 30. a5 Ke7 31. axb6 axb6 32. c4 Qh7+ 33. Kc1 Qd3 34. cxd5 Qxb3 0-1

[Event "Niedersachsen-ch op-B"]
[Site "Verden"]
[Date "2015.01.02"]
[Round "1"]
[White "Kindermann, Thorsten"]
[Black "Kahlsdorf, Hendrik"]
[Result "1-0"]
[WhiteElo "1473"]
[BlackElo "1051"]
[PlyCount "105"]
[EventDate "2015.01.02"]
[EventType "swiss"]
[EventRounds "7"]
[EventCountry "GER"]
[SourceTitle "EXT 2018"]
[Source "ChessBase"]
[SourceDate "2017.10.13"]
[SourceVersion "1"]
[SourceVersionDate "2017.10.13"]
[SourceQuality "1"]

1. d4 d5 2. Nf3 Bf5 3. c4 c6 4. Nc3 Nf6 5. Bg5 e6 6. e3 h6 7. Bh4 Bb4 8. cxd5 cxd5 9. Qa4+ Nc6 10. Bb5 Qd6 11. Ne5 Bxc3+ 12. bxc3 0-0 13. Bxc6 bxc6 14. Qxc6 Qxc6 15. Nxc6 Ne4 16. Rc1 Kh8 17. c4 Rfc8 18. cxd5 exd5 19. 0-0 Bd7 20. Ne7 Rxc1 21. Rxc1 Be6 22. f3 Nd2 23. Rc5 Nc4 24. e4 dxe4 25. fxe4 Nd2 26. e5 Bxa2 27. Rc2 Nb3 28. d5 Bb1 29. Rb2 Nd4 30. Rxb1 a5 31. Rb2 a4 32. Bf2 Nb3 33. d6 a3 34. Rxb3 a2 35. Bd4 a1Q+ 36. Bxa1 Rxa1+ 37. Kf2 Rd1 38. Ke3 Ra1 39. Nc6 Rd1 40. Rd3 Ra1 41. d7 Ra8 42. Rb3 Kh7 43. Rb8 Ra3+ 44. Kf4 Rd3 45. d8Q Rxd8 46. Nxd8 Kg6 47. Rb6+ Kh7 48. Nxf7 Kg8 49. e6 Kf8 50. Kf5 Ke7 51. Rb7+ Ke8 52. Nd6+ Kd8 53. e7# 1-0